000 00543cam a22001933a 4500
001 42120
003 PGUSA
005 20140828083942.0
008 130217s2013||||xxu|||||s|||||000 | eng d
040 _aPGUSA
_beng
042 _adc
245 1 0 _aBiographical Outlines :
_bBritish History
_h[electronic resource] /
_cAnonymous
260 _bProject Gutenberg,
_c2013
506 _aPublic domain in the USA.
516 _aElectronic text
830 0 _aProject Gutenberg
_v42120
856 4 0 _uhttp://www.gutenberg.org/ebooks/42120
942 _cEB
999 _c271372
_d271372